Normal view
MARC view
- Rodríguez Marcos, Ana
Entry Nombre Personal
001 - NUMERO DE CONTROL
- campo de control: 41782
003 - IDENTIFICADOR DE NUMERO DE CONTROL
- campo de control: UPN
005 - FECHA Y HORA DE LA ÜLTIMA TRANSACCIÓN
- campo de control: 20210219194612.0
008 - DATOS DE LONGITUD FIJA
- campo de control de longitud fija: nabaccnnaabn|||||||||| b |nc|||||d
035 ## - NUMERO DE CONTROL
- Número de control: UPN11000013889
040 ## - FUENTE DE CATALOGACIÓN
- Lenguaje de catalogación: SPA
- Agencia de transcripción: UPN
100 1# - ENCABEZAMIENTO - NOMBRE PERSONAL
- Nombre personal: Rodríguez Marcos, Ana
670 ## - FUENTE EN LA QUE SE LOCALIZARON DATOS
- Cita de la fuente: T
- Uniform Resource Identifier: https://portalcientifico.uam.es/ipublic/agent-personal/profile/iMarinaID/04-261055/name/RODRIGUEZ%20MARCOS,%20ANA
680 ## - NOTA PUBLICA DE ACCESO PÚBLICO
- Frase explicativa de la referencia: Catedrática española, especialista en didáctica y organización escolar
902 ## - CATALOGADOR
- Catalogador: CAA/091018
